000 00686nam a2200217Ia 4500
001 13954
003 GE_BSU
008 181216s||||||||xx |||||||||||||| ||und||
040 _cGE_BSU
080 _a624.014
100 _aПенковский,О.И.
245 _aТехнология изготовления металлических конструкций.
245 _cРед. науч. В.Б.Якубовский.
260 _aМ.
260 _bСтройиздат.
260 _c1971.
300 _a271 стр. 20 см.
300 _eТабл.
653 _aТехнология изготовления металлических конструкций.
942 _cBK
999 _c47097
_d47097